Physics for joint entrance examination JEE (Advanced) : (Record no. 140725)
[ view plain ]
| 000 -LEADER | |
|---|---|
| fixed length control field | 00709nam a22001817a 4500 |
| 005 - DATE AND TIME OF LATEST TRANSACTION | |
| control field | 20170605102005.0 |
| 020 ## - INTERNATIONAL STANDARD BOOK NUMBER | |
| International Standard Book Number | 9788131530566 |
| Terms of availability | 475.00 |
| 035 ## - SYSTEM CONTROL NUMBER | |
| System control number | B-669703 |
| 037 ## - SOURCE OF ACQUISITION | |
| Source of stock number/acquisition | Asian Book Centre/Ven |
| 082 ## - DEWEY DECIMAL CLASSIFICATION NUMBER | |
| Classification number | 537.1 |
| 100 ## - MAIN ENTRY--PERSONAL NAME | |
| Personal name | Sharma, B.M. |
| 245 ## - TITLE STATEMENT | |
| Title | Physics for joint entrance examination JEE (Advanced) : |
| Remainder of title | magnetism and electromagnetic induction / |
| Statement of responsibility, etc | by B.M. Sharma |
| 260 ## - PUBLICATION, DISTRIBUTION, ETC. (IMPRINT) | |
| Date of publication, distribution, etc | 2016 |
| Place of publication, distribution, etc | Delhi |
| Name of publisher, distributor, etc | Cengage Learning |
| 270 ## - ADDRESS | |
| Address | 418, F.I.E.,Patparganj |
| City | Delhi |
| Postal code | 110092 |
| 300 ## - PHYSICAL DESCRIPTION | |
| Dimensions | 28cm(pbk) |
| Extent | various pagings : |
| Other physical details | ill. |
| 942 ## - ADDED ENTRY ELEMENTS (KOHA) | |
| Item type | English Books |
| Source of classification or shelving scheme | Dewey Decimal Classification |
| Call number suffix | SHA |
| Classification part | 537.1 |
| Withdrawn status | Lost status | Not for loan | Collection code | Home library | Current library | Date acquired | Source of acquisition | Cost, normal purchase price | Full call number | Barcode | Copy number | Cost, replacement price | Koha item type |
|---|---|---|---|---|---|---|---|---|---|---|---|---|---|
| Non-fiction | Ashok Vihar | Ashok Vihar | 05/06/2017 | BPPD/EN/2014-15/AV/16-17/413/15.2.2017/5057/28.2.2017/ 24.3.2017 | 475.00 | 537.1 SHA | B-669703 | 1 | 475.00 | English Books |
